000 00698cab a2200253 4500
001 WB3106-41
008 090401t1995 xxu||||| |||| 00| 0 eng d
035 _a(Sirsi) u72364
041 _aeng
245 _aTax band delay
260 _c1995
350 _a0
490 _aFinancial Times
_v9 February 1995, 13(1)
520 _aThe HC Public Accounts Committee is concerned that after nearly two years, over 167,000 appeals over council tax banding have yet to be settled.
650 _aACCURACY
650 _aAPPEALS
650 _aBANDING
650 _aCOUNCIL TAX
650 _aDELAY
690 _aRATING AND VALUATION
690 _aTAXATION
942 _n0
948 _c04/03/1997
999 _c45716
_d45716